000 01221cam a22003371i 4500
999 _c10132
_d10132
001 19199586
003 GBCCL
005 20241126110726.0
008 160729s2013 nyu 000 0 eng
010 _a 2016449094
020 _a9780567077400
_q(hbk.)
040 _aDLC
_beng
_erda
_cDLC
042 _apcc
050 0 0 _aBS2785.53
_b.A45 2013
082 _a220.7
_bICC
100 1 _aAllison, Dale C.,
_cJr.,
_d1955-
_eauthor.
_917554
245 1 2 _aA critical and exegetical commentary on the Epistle of James /
_cby Dale C. Allison Jr., Errett M. Grable Professor of New Testament Exegesis and Early Christianity, Pittsburgh Theological Seminary.
246 3 _aEpistle of James
246 3 _aJames
264 1 _aNew Delhi :
_bBloomsbury,
_c2023.
300 _axlix, 790 pages ;
_c23 cm.
336 _atext
_btxt
_2rdacontent
337 _aunmediated
_bn
_2rdamedia
338 _avolume
_bnc
_2rdacarrier
490 0 _aInternational critical commentary
504 _aIncludes bibliographical references (pages [xi]-xlix).
630 0 0 _aBible.
_pJames
_vCommentaries.
_912474
906 _a7
_bcbc
_corignew
_d2
_encip
_f20
_gy-gencatlg
942 _2ddc
_cREF